000 00476 a2200169 4500
003 OSt
005 20231222123125.0
008 231222b |||||||| |||| 00| 0 eng d
020 _a9789350729830
040 _coclc
082 _a891.43
_bVAN/H
100 _aVanaja, K
_9437
245 _aHARIT BHASHAVAIGYANIK VIMARSH /
_cK Vanaja
260 _aNew Delhi:
_bVani Prakashan,
_c2015.
300 _a189p
942 _2ddc
_cBK
_h891.43
_iVAN/H
_k891.43
_mVAN/H
999 _c43529
_d43529